LEADER 01273nam a2200277 4500 001 000000349795 003 CaOOAMICUS 005 20220324111122.0 008 220324s2010 be d 000 u eng r 020 $a978-2-503-51247-1 040 $aSeMil$bita 041 0 $aeng$agrc 245 00$aGreek and latin sources on Manichaean cosmogony and ethics /$ctranslated by Greg Fox and John Sheldon ; compiled with introduction and commentary by Samuel N. C. Lieu Faha. 264 1$aTurnhout :$bBrepols,$c2010. 300 $aXXXVIII, 256 p. ;$c31 cm 490 1 $aCorpus fontium Manichaeorum. Subsidia ;$v6 700 1 $aLieu, Samuel N. C.$0(OLS)http://semarc/name/115653 700 1 $aSheldon, John.$0(OLS)http://semarc/name/115669 700 1 $aFox, Greg.$0(OLS)http://semarc/name/115668 830 0$aCorpus fontium Manichaeorum. Subsidia ;$v6.$0(OLS)http://semarc/title/439408 850 $aSeMil 852 $aSeMil$W1$xVenegono$y1$mSL2.E III 127$j232188$B240834$CSeMilBibl$Z2$F240834 $8I 996 $6020$a978-2-503-51247-1$9(OLS)http://semarc/number/295539 996 $6245$aGreek and latin sources on Manichaean cosmogony and ethics$9(OLS)http://semarc/title/439429 996 $6264$aTurnhout :$bBrepols$9(OLS)http://semarc/publisher/29626 LEADER 00990nam a2200229 i 4500 001 000000127821 003 CaOOAMICUS 005 20040705000000.0 008 040705s1972 it u000 u ita u 013 $a100535 040 $aSeMil$bita 100 1 $aPezzi, Elisa.$0(OLS)http://semarc/name/53171 245 13$aLa missione cattolica nel Sudan :$bdall'inizio fino alla ripresa dopo la rivoluzione Mahdista /$cElisa Pezzi. 260 $aVerona :$bPie Madri della Nigrizia,$c1972. 300 $a201 p. ;$c25 cm. 500 $aContiene : Nota bibliografica. 650 4$aChiesa - Sudan.$0(OLS)http://semarc/subject/15984 850 $aSeMil 852 $aSeMil$W1$xVenegono$y1$m940 1 *$j82075$B82075$CSeMilBibl$Z2$F85909 $81 961 $aRecupero: Deposito 996 $6245$aLa missione cattolica nel Sudan :$bdall'inizio fino alla ripresa dopo la rivoluzione Mahdista$9(OLS)http://semarc/title/188727 996 $6260$aVerona :$bPie Madri della Nigrizia$9(OLS)http://semarc/publisher/46559